Derecho de sucesiones antiguas y nuevas controversias /

Detalles Bibliográficos
Autor principal: Fuenteseca, Margarita
Otros Autores: Noriega, Lydia
Formato: eBook
Lenguaje:español
Publicado: Barcelona: J.M. Bosch Editor, 2020
Materias:
Acceso en línea:Acceso restringido

MARC

LEADER 00000nam a22000007a 4500
005 20220217223519.0
007 cr|||| |||
008 220217s2020 es |||||s|||| 00||0 spa d
020 |a 978-84-122015-2-9 
035 |a 35562 
040 |a vLex 
090 |c 13026  |d 13026 
100 1 |a Fuenteseca, Margarita 
245 1 0 |a Derecho de sucesiones  |h [Recurso electrn̤ico] :  |b antiguas y nuevas controversias /  |c Margarita Fuenteseca, Lydia Noriega 
256 |a Servicio en ln̕ea 
260 |a Barcelona:  |b J.M. Bosch Editor,  |c 2020 
300 |a 1 recurso electrn̤ico 
500 |a Se exponen aqu ̕nuevas hipt̤esis sobre algunas nociones de derecho sucesorio, tales como la cautela socini, cuyo origen en derecho histr̤ico se pone en duda, o el reconocimiento del derecho a la herencia –y, en definitiva, de la legt̕ima– como un derecho constitucional, y se hacen propuestas en relacin̤ con la especial proteccin̤ del discapacitado en sus derechos sucesorios, o la supresin̤ del impuesto de sucesiones. Estas y otras cuestiones son tratadas, en los artc̕ulos que forman el presente volumen, desde una concepcin̤ tčnica del Derecho, por profesores de Derecho romano, de Derecho civil, procesal y constitucional. Pero adems̀ es muy enriquecedora la visin̤ del derecho sucesorio que aqu ̕nos aportan destacados profesionales del Derecho, notarios y registradores, e incluso un ingeniero y economista, puesto que es el ejercicio de la profesin̤ el que permite detectar los problemas reales que plantea la aplicacin̤ prc̀tica del derecho de sucesiones, y proponer medidas eficaces para su resolucin̤. 
506 1 |a Disponible solo en los productos indicados  |d vLex Global  |d vLex Global (Academic Edition, excluding Law Schools)  |d vLex Global (U.S. Academic Edition, Law Schools)  |d vLex Global (U.S. Academic Edition, excluding Law Schools)  |d vLex Global (Academic Edition, Law Schools) 
650 0 4 |a Derecho Civil  |z Espaą 
700 1 |a Noriega, Lydia 
740 0 |a vLex Libros (Servicio en ln̕ea) 
856 4 0 |u https://app.vlex.com/#/sources/35562  |z Acceso restringido 
942 |c BOOK 
999 0 |a Civil Law